Online
Catalog

Consultorio folklórico / (Record no. 140)

MARC details
000 -CABECERA
campo de control de longitud fija 01690nam a2200277 a 4500
001 - NÚMERO DE CONTROL
campo de control 000000140
003 - IDENTIFICADOR DEL NÚMERO DE CONTROL
campo de control DO-SdBNP
005 - FECHA Y HORA DE LA ÚLTIMA TRANSACCIÓN
campo de control 20250409145910.0
007 - CAMPO FIJO DE DESCRIPCIÓN FÍSICA--INFORMACIÓN GENERAL
campo de control de longitud fija ta
008 - DATOS DE LONGITUD FIJA--INFORMACIÓN GENERAL
campo de control de longitud fija 081126s2008 dr a 001 0 spa d
040 ## - FUENTE DE LA CATALOGACIÓN
Centro catalogador/agencia de origen DO-SdBNP
Lengua de catalogación spa
Centro/agencia transcriptor BNPHU
082 #4 - NÚMERO DE LA CLASIFICACIÓN DECIMAL DEWEY
Número de clasificación 398.097293
Número de documento/Ítem P438c, 2008
Número de edición 22
100 1# - ENTRADA PRINCIPAL--NOMBRE DE PERSONA
Nombre de persona Pérez, Xiomarita
9 (RLIN) 458
245 10 - MENCIÓN DE TÍTULO
Título Consultorio folklórico /
Mención de responsabilidad, etc. Xiomarita Pérez.
250 ## - MENCIÓN DE EDICIÓN
Mención de edición 2a. ed. revisada, corregida y aumentada
260 ## - PUBLICACIÓN, DISTRIBUCIÓN, ETC.
Lugar de publicación, distribución, etc. Santo Domingo :
Nombre del editor, distribuidor, etc. Secretaria de Estado de Cultura,
Fecha de publicación, distribución, etc. 2008.
300 ## - DESCRIPCIÓN FÍSICA
Extensión 78 p. :
Otras características físicas il. ;
Dimensiones 23 cm.
505 0# - NOTA DE CONTENIDO CON FORMATO
Título Quiénes somos --
-- Definición de folklore --
-- División del folklore y raíces de las danzas, música e instrumentos --
-- Tipos de danzas y clasificación de instrumentos folklóricos musicales --
-- Palos o atabales --
-- Congos --
-- Sarandunga --
-- Gagá --
-- Merengue --
-- Carabiné y mangulina --
-- Pri-prí --
-- Instrumentos individuales: balsié y pandero --
-- Historia del carnaval --
-- Personaje central del carnaval de cada provincia y/o municipio --
-- Bonao --
-- Cabral, Barahona --
-- Constanza --
-- Cotuí --
-- Elías Piña --
-- Guerra --
-- La Romana --
-- La Vega --
-- Mao --
-- Montecristi --
-- Navarrete --
-- Puerto Plata --
-- Salcedo --
-- San Juan de la Maguana --
-- San Pedro de Macorís --
-- Santiago --
-- Santo Domingo --
-- Yerbabuena, Hato Mayor --
-- Fiestas patronales --
-- Folklorifiesta --
-- Centro de documentación.
590 ## - NOTA LOCAL (RLIN)
Nota local Inventariado, 2022/BT
650 #0 - PUNTO DE ACCESO ADICIONAL DE MATERIA--TÉRMINO DE MATERIA
Término de materia o nombre geográfico como elemento de entrada Folclore
Subdivisión geográfica República Dominicana
9 (RLIN) 33448
650 #4 - PUNTO DE ACCESO ADICIONAL DE MATERIA--TÉRMINO DE MATERIA
Término de materia o nombre geográfico como elemento de entrada Carnaval
Subdivisión geográfica República Dominicana
9 (RLIN) 460
650 #4 - PUNTO DE ACCESO ADICIONAL DE MATERIA--TÉRMINO DE MATERIA
Término de materia o nombre geográfico como elemento de entrada Instrumentos musicales dominicanos
9 (RLIN) 461
710 2# - PUNTO DE ACCESO ADICIONAL--NOMBRE DE ENTIDAD CORPORATIVA
Nombre de entidad corporativa o nombre de jurisdicción como elemento de entrada Dirección Nacional de Folklor
9 (RLIN) 462
910 ## - DATOS DE OPCIÓN DEL USUARIO (OCLC)
Datos de opción del usuario Validado. Control de calidad MFF
942 ## - ELEMENTOS DE PUNTO DE ACCESO ADICIONAL (KOHA)
Fuente del sistema de clasificación o colocación Dewey Decimal Classification
Tipo de ítem Koha Libro
Holdings
Estado de retiro Estado de pérdida Fuente del sistema de clasificación o colocación Restricciones de uso No para préstamo Código de colección Localización permanente Ubicación/localización actual Ubicación en estantería Fecha de adquisición Fuente de adquisición Signatura topográfica completa Código de barras Fecha visto por última vez Número de copia Precio válido a partir de Tipo de ítem Koha
    Dewey Decimal Classification Préstamo en sala   Dominicana de Servicio Biblioteca Nacional Pedro Henríquez Ureña Biblioteca Nacional Pedro Henríquez Ureña Depósito 19.06.2009 Depósito Legal BNPHUI DS 398.097293 P438c 2008 140-30 25.06.2020 e.3 25.06.2020 Libro
    Dewey Decimal Classification Préstamo en sala   Dominicana de Servicio Biblioteca Nacional Pedro Henríquez Ureña Biblioteca Nacional Pedro Henríquez Ureña Depósito 19.06.2009 Depósito Legal BNPHU DS 398.097293 P438c 2008 140-40 25.06.2020 e.4 25.06.2020 Libro
    Dewey Decimal Classification Préstamo en sala   Dominicana de Servicio Biblioteca Nacional Pedro Henríquez Ureña Biblioteca Nacional Pedro Henríquez Ureña Depósito 19.06.2009 Depósito Legal BNPHU DS 398.097293 P438c 2008 140-50 25.06.2020 e.5 25.06.2020 Libro
    Dewey Decimal Classification Excluido de préstamo   Patrimonio Dominicano Biblioteca Nacional Pedro Henríquez Ureña Biblioteca Nacional Pedro Henríquez Ureña Depósito 19.06.2009 Depósito Legal BNPHU PD 398.097293 P438c 2008 140-10 25.06.2020   25.06.2020 Libro
    Dewey Decimal Classification Excluido de préstamo   Patrimonio Dominicano Biblioteca Nacional Pedro Henríquez Ureña Biblioteca Nacional Pedro Henríquez Ureña Depósito 19.06.2009 Depósito Legal BNPHU PD 398.097293 P438c 2008 140-20 25.06.2020 e.2 25.06.2020 Libro

Powered by Koha